000 00655 a2200193 4500
020 _a0006140459
040 _aDLC
_bDLC
082 0 0 _a823/.912
100 1 _aChristie, Agatha,
245 1 0 _aAppointment with death: a Hercule Poirot mystery
_ba Hercule Poirot mystery
_cChristie, Agatha
260 _aNew York :
_bBlack Dog & Leventhal Publishers :
_bDistributed by Workman Pub. Co.,
_c1993
300 _a218 p. ;
_c22 cm.
650 0 _aPoirot, Hercule (Fictitious character)
650 0 _aPrivate investigators
_zPalestine
650 0 _aBelgians
_zPalestine
650 0 _aAmericans
_zPalestine
655 7 _aMystery fiction.
942 _cBK
_k823.912 CHR
_2ddc
999 _c4903
_d4903